Piłkarze Fiorentin'y - Statystyki

Ogólne statystyki
  • Ten quiz został rozwiązany 7 razy
    3 od ostatniego zresetowania
  • Średni wynik to 2 z 28
Statystyki odpowiedzi
Piłkarz Narodowość Pozycja % Poprawnych
David De Gea Hiszpania Bramkarz
100%
Cher Ndour Włochy Pomocnik
33%
Jack Harrison Anglia Pomocnik
33%
Manor Solomon Izrael Pomocnik
33%
Abdelhamid Sabiri Maroko Pomocnik
0%
Albert Gudmundsson Islandia Napastnik
0%
Christian Kouamé WKS Napastnik
0%
Daniele Rugani Włochy Obrońca
0%
Dodô Brazylia Obrońca
0%
Eddy Kouadio Włochy Obrońca
0%
Eman Kospo Bośnia i Hercegowina Obrońca
0%
Fabiano Parisi Włochy Obrońca
0%
Giovanni Fabbian Włochy Pomocnik
0%
Jacopo Fazzini Włochy Pomocnik
0%
Luca Lezzerini Włochy Bramkarz
0%
Luca Ranieri Włochy Obrońca
0%
Luis Balbo Wenezuela Obrońca
0%
Marco Brescianini Włochy Pomocnik
0%
Marin Pongracic Chorwacja Obrońca
0%
Moise Kean Włochy Napastnik
0%
Niccolò Fortini Włochy Obrońca
0%
Nicolò Fagioli Włochy Pomocnik
0%
Oliver Christensen Dania Bramkarz
0%
Pietro Comuzzo Włochy Obrońca
0%
Roberto Piccoli Włochy Napastnik
0%
Robin Gosens Niemcy Obrońca
0%
Rolando Mandragora Włochy Pomocnik
0%
Tariq Lamptey Ghana Obrońca
0%
Nie znaleziono quizów pasujących do podanych kryteriów
Rozkład punktacji
Procent ludzi z każdym wynikiem
Percentyl według liczby udzielonych odpowiedzi
Twoja historia wyników
Nie rozwiązałeś tego quizu od ostatniego zresetowania